Every Dillinger Escape Plan Song - Statistics

General Stats
  • This quiz has been taken 4 times
  • The average score is 46 of 82
Answer Stats
Hint Answer % Correct
Calculating Infinity *#..
100%
Calculating Infinity 43% Burnt
100%
Ire Works Black Bubblegum
100%
Calculating Infinity Calculating Infinity
100%
Option Paralysis Good Neighbor
100%
One of Us Is the Killer Hero of the Soviet Union
100%
Ire Works Milk Lizard
100%
One of Us Is the Killer One of Us Is the Killer
100%
One of Us Is the Killer Prancer
100%
Miss Machine Setting Fire to Sleeping Giants
100%
Calculating Infinity Sugar Coated Sour
100%
Calculating Infinity 4th Grade Dropout
67%
Ire Works 82588
67%
Under the Running Board Abe the Cop
67%
One of Us Is the Killer CH 375 268 277 ARS
67%
Option Paralysis Chinese Whispers
67%
Option Paralysis BONUS Chuck McChip
67%
Calculating Infinity Clip the Apex... Accept Instruction
67%
Miss Machine Crutch Field Tongs
67%
Ire Works Dead as History
67%
Calculating Infinity Destro's Secret
67%
Dissociation Dissociation
67%
Option Paralysis Endless Endings
67%
Option Paralysis Farewell, Mona Lisa
67%
Ire Works Fix Your Face
67%
Option Paralysis Gold Teeth on a Bum
67%
Irony Is a Dead Scene Hollywood Squares
67%
Dissociation Honeysuckle
67%
Ire Works Horse Hunter
67%
Calculating Infinity Jim Fear
67%
Dissociation Limerent Death
67%
Ire Works Lurch
67%
Ire Works Mouth of Ghosts
67%
Ire Works Nong Eye Gong
67%
Miss Machine Panasonic Youth
67%
Option Paralysis Parasitic Twins
67%
Ire Works Party Smasher
67%
Miss Machine Phone Home
67%
Irony Is a Dead Scene Pig Latin
67%
Under the Running Board Sandbox Magician
67%
Under the Running Board The Mullet Burden
67%
Calculating Infinity The Running Board
67%
One of Us Is the Killer The Threat Posed by Nuclear Weapons
67%
Miss Machine Unretrofied
67%
Calculating Infinity Variations on a Cocktail Dress
67%
Miss Machine We Are the Storm
67%
Calculating Infinity Weekend Sex Change
67%
Ire Works When Acting as a Particle
67%
One of Us Is the Killer When I Lost My Bet
67%
Option Paralysis Widower
67%
Miss Machine Baby's First Coffin
33%
The Dillinger Escape Plan Cleopatra's Sling
33%
Irony Is a Dead Scene Come to Daddy
33%
One of Us Is the Killer Crossburner
33%
Option Paralysis Crystal Morning
33%
Dissociation Fugue
33%
Option Paralysis BONUS Heat Deaf Melted Grill
33%
Miss Machine Highway Robbery
33%
The Dillinger Escape Plan I Love Secret Agents
33%
Option Paralysis I Wouldn't If You Didn't
33%
Dissociation Low Feels Blvd
33%
One of Us Is the Killer Magic That I Held You Prisoner
33%
Dissociation Manufacturing Discontent
33%
The Dillinger Escape Plan Monticello
33%
One of Us Is the Killer Nothing's Funny
33%
Dissociation Nothing to Forget
33%
One of Us Is the Killer Paranoia Shields
33%
Option Paralysis Room Full of Eyes
33%
Ire Works Sick on Sunday
33%
Miss Machine Sunshine the Werewolf
33%
Dissociation Surrogate
33%
Dissociation Symptom of Terminal Illness
33%
Miss Machine The Perfect Design
33%
One of Us Is the Killer Understanding Decay
33%
Miss Machine Van Damsel
33%
Dissociation Wanting Not So Much As To
33%
Ire Works When Acting as a Wave
33%
Irony Is a Dead Scene When Good Dogs Do Bad Things
33%
Dissociation Apologies Not Included
0%
The Dillinger Escape Plan Caffeine
0%
The Dillinger Escape Plan Proceed With Caution
0%
The Dillinger Escape Plan Three For Flinching (Revenge of the Porno Clowns)
0%
No matching quizzes found
Score Distribution
Percent of People with Each Score
Percentile by Number Answered
Your Score History
You have not taken this quiz